Redención del día : poema /

Zapisane w:
Opis bibliograficzny
1. autor: Duverran, Carlos Rafael, 1935-1995
Format: Nieznany
Język:Spanish
Wydane: San José, Costa Rica : El Azafrán, 1971.
Hasła przedmiotowe:
Etykiety: Dodaj etykietę
Nie ma etykietki, Dołącz pierwszą etykiete!

MARC

LEADER 000000000a22000000004500
001 002606
041 0 |a spa 
082 0 4 |a CR861.4   |b D985r 
100 1 |a Duverran, Carlos Rafael,   |d 1935-1995 
245 1 0 |a Redención del día :   |b poema /   |c Carlos Rafael Duverran. 
260 1 |a San José, Costa Rica :   |b El Azafrán,   |c 1971. 
300 |a 26 páginas 
650 4 |a LITERATURA COSTARRICENSE 
650 4 |a POESIA 
999 |c 8985  |d 8985 
942 |c BK  |h CR861.4 D985r  |2 z